Applied calculus of variations for engineers / (Record no. 594159)

000 -LEADER
fixed length control field 01220cam a2200325 a 4500
001 - CONTROL NUMBER
control field 15462359
005 - DATE AND TIME OF LATEST TRANSACTION
control field 20230322174238.0
008 - FIXED-LENGTH DATA ELEMENTS--GENERAL INFORMATION
fixed length control field 080923s2009 flua b 001 0 eng
010 ## - LIBRARY OF CONGRESS CONTROL NUMBER
LC control number 2008042179
015 ## - NATIONAL BIBLIOGRAPHY NUMBER
National bibliography number GBA8E0060
Source bnb
016 7# - NATIONAL BIBLIOGRAPHIC AGENCY CONTROL NUMBER
Record control number 014853581
Source Uk
020 ## - INTERNATIONAL STANDARD BOOK NUMBER
International Standard Book Number 9781420086621 (hardcover : alk. paper)
020 ## - INTERNATIONAL STANDARD BOOK NUMBER
International Standard Book Number 1420086626 (hardcover : alk. paper)
035 ## - SYSTEM CONTROL NUMBER
System control number (OCoLC)ocn226357417
035 ## - SYSTEM CONTROL NUMBER
System control number (OCoLC)226357417
040 ## - CATALOGING SOURCE
Original cataloging agency DLC
Transcribing agency DLC
Modifying agency BTCTA
-- BAKER
-- YDXCP
-- OCLNG
-- C#P
-- UKM
-- BWX
-- DLC
050 00 - LIBRARY OF CONGRESS CALL NUMBER
Classification number TA347.C3
Item number K66 2009
082 00 - DEWEY DECIMAL CLASSIFICATION NUMBER
Classification number 621.3670
Edition number 22
Author Mark KOM
100 1# - MAIN ENTRY--PERSONAL NAME
Personal name Komzsik, Louis.
9 (RLIN) 58875
245 10 - TITLE STATEMENT
Title Applied calculus of variations for engineers /
Statement of responsibility, etc. Louis Komzsik.
260 ## - PUBLICATION, DISTRIBUTION, ETC.
Place of publication, distribution, etc. Boca Raton :
Name of publisher, distributor, etc. CRC Press,
Date of publication, distribution, etc. c2009.
300 ## - PHYSICAL DESCRIPTION
Extent 170 p. :
Other physical details ill. ;
Dimensions 25 cm.
504 ## - BIBLIOGRAPHY, ETC. NOTE
Bibliography, etc. note Includes bibliographical references (p. 167) and index.
650 #0 - SUBJECT ADDED ENTRY--TOPICAL TERM
Topical term or geographic name entry element Calculus of variations.
9 (RLIN) 99187
650 #0 - SUBJECT ADDED ENTRY--TOPICAL TERM
Topical term or geographic name entry element Engineering mathematics.
856 41 - ELECTRONIC LOCATION AND ACCESS
Materials specified Table of contents only
Uniform Resource Identifier <a href="http://www.loc.gov/catdir/toc/fy0903/2008042179.html">http://www.loc.gov/catdir/toc/fy0903/2008042179.html</a>
906 ## - LOCAL DATA ELEMENT F, LDF (RLIN)
a 7
b cbc
c orignew
d 1
e ecip
f 20
g y-gencatlg
942 ## - ADDED ENTRY ELEMENTS (KOHA)
Source of classification or shelving scheme
Koha item type Book
Holdings
Withdrawn status Lost status Source of classification or shelving scheme Damaged status Not for loan Permanent Location Current Location Shelving location Date acquired Full call number Barcode Date last seen Price effective from Koha item type
          School of Mechanical & Manufacturing Engineering (SMME) School of Mechanical & Manufacturing Engineering (SMME) Aerospace Engineering 03/22/2023 621.3670 KOM SMME-3948 03/22/2023 03/22/2023 Book
© 2023 Central Library, National University of Sciences and Technology. All Rights Reserved.